Telefonický marketing Poradce pro úspěšnou telekomunikaci

Počet pracovníkov nasadených pre telefonický marketing. Tiché odpočúvanie ako pomocná metóda poslucháčov centra servisnej zákazníckej služby. Tip Güntera Greffsa pre telefonické odkazovače. Zoznam základných údajov pre software telefonického marketingu. Výhody, ktoré prinášajú inteligentné siete tel...

Descrizione completa

Salvato in:
Dettagli Bibliografici
Natura: Capitolo di libro
Lingua:ceco
Soggetti:
Tags: Aggiungi Tag
Nessun Tag, puoi essere il primo ad aggiungerne!!

MARC

LEADER 00000naa a2200000 4500
001 r015191
005 20221205090824.7
041 0 |a cze 
044 |a SK 
245 1 0 |a Telefonický marketing  |b Poradce pro úspěšnou telekomunikaci 
520 |a Počet pracovníkov nasadených pre telefonický marketing. Tiché odpočúvanie ako pomocná metóda poslucháčov centra servisnej zákazníckej služby. Tip Güntera Greffsa pre telefonické odkazovače. Zoznam základných údajov pre software telefonického marketingu. Výhody, ktoré prinášajú inteligentné siete telefonického marketingu - príklad Nemeckej spolkovej pošty Telekom. Telefonický skript firmy Vitra. 
610 2 0 |a telemarketing 
610 2 0 |a prostriedky masovokomunikačné 
610 2 0 |a telefón 
610 2 0 |a marketing 
610 2 0 |a firmy 
610 2 0 |a predaj 
610 2 0 |a Nemecko 
610 2 0 |a Telekom